00313nam a2200133Ia 45000030006000000080041000060400015000471000012000622450032000742500010001062600034001165460012001500050017001620STCL150530s9999 xx 000 0 und d aSTCLcSTCL aPearson aDemocracy in world politics aFirst bOxford University pressc1960 aEnglish20220125171146.0